000
00259nam a2200109Ia 4500
008
190216s9999||||xx |||||||||||||| ||und||
100
_a
Bill Wencel
245
0
_a
Do I Have A Girl For You
260
_b
Jaico Publishing House
650
_a
English
942
_c
BK
999
_c
13295
_d
13295